000
00321nam a2200145Ia 4500
008
191201s2019 xx 000 0 und d
020
_a
9789353066697
082
_a
006.31 DUM
100
_a
DUTT, Saikat
245
0
_a
Machine Learning
260
_b
Pearson
300
_a
428
650
_a
B.Tech(CSE)
942
_2
ddc
_c
BK
999
_c
6869
_d
6869